00468nam a2200193 a 4500001001300000003000900013005001700022008004100039020001000080082001300090100002700103245002000130260002500150300000900175500003500184505001000219650001800229700002700247nice12345678IN_TiNIC20260116013023.0050524s1928 lona grp 000 0 eng  ac10000a954bLAW aLawrence, Walter Roper aIndia We Served aLondonbCasselc1928 a317p aincludes index and biblioraphy2 aIndex aIndia-History1 aLawrence, Walter Roper